61 Mario Games! - Statistics

General Stats
  • This quiz has been taken 388 times
    379 since last reset
  • The average score is 31 of 61
Answer Stats
Console Year Game % Correct
NES 1985 Super Mario Bros.
95%
SNES 1992 Super Mario Kart
89%
Nintendo 64 1996 Super Mario 64
88%
NES 1988 Super Mario Bros. 2
88%
NES 1988 Super Mario Bros. 3
88%
Arcade 1981 Donkey Kong
86%
SNES 1990 Super Mario World
84%
NES 1983 Mario Bros.
83%
Game Boy 1989 Super Mario Land
76%
Nintendo GameCube 2002 Super Mario Sunshine
76%
DS 2006 New Super Mario Bros.
75%
Nintendo 64 1998 Mario Party
74%
Nintendo 64 1996 Mario Kart 64
71%
Wii 2007 Super Mario Galaxy
71%
Nintendo 64 1999 Mario Party 2
70%
Nintendo 64 2000 Mario Party 3
68%
Wii U 2014 Mario Kart 8
67%
Nintendo GameCube 2002 Mario Party 4
67%
Wii 2010 Super Mario Galaxy 2
67%
3DS 2011 Mario Kart 7
66%
Wii 2009 New Super Mario Bros. Wii
66%
Nintendo GameCube 2003 Mario Party 5
65%
Nintendo GameCube 2004 Mario Party 6
65%
Nintendo GameCube 2005 Mario Party 7
65%
3DS 2012 New Super Mario Bros. 2
65%
Nintendo GameCube 2003 Mario Kart Double Dash
64%
Wii 2007 Mario Party 8
64%
Wii 2012 Mario Party 9
64%
Wii U 2013 Super Mario 3D World
64%
Wii 2008 Mario Kart Wii
63%
3DS 2011 Super Mario 3D Land
63%
Wii U 2015 Mario Party 10
61%
DS 2005 Mario Kart DS
59%
Wii U 2012 New Super Mario Bros. U
59%
Nintendo 64 2000 Paper Mario
57%
Nintendo 64 1999 Super Smash Bros.
47%
Game Boy Advance 2002 Yoshi's Island
45%
Nintendo GameCube 2001 Luigi's Mansion
44%
Wii 2007 Super Paper Mario
41%
Game Boy Advance 2001 Mario Kart Super Circuit
40%
DS 2004 Super Mario 64 DS
38%
Nintendo GameCube 2004 Paper Mario The Thousand Year Door
37%
3DS 2012 Paper Mario Sticker Star
34%
Wii 2008 Super Smash Bros. Brawl
34%
3DS 2013 Luigi's Mansion Dark Moon
33%
DS 2007 Mario Party DS
33%
3DS 2013 Mario Party Island Tour
24%
Wii U 2014 Super Smash Bros. for Wii U
22%
Wii U 2015 Mario Maker
21%
3DS 2014 Super Smash Bros. for 3DS
21%
DS 2009 Mario and Luigi Bowsers Inside Story
20%
Nintendo 64 1997 Yoshi's Story
20%
Wii U 2013 New Super Luigi U
19%
Nintendo GameCube 2001 Super Smash Bros. Meele
17%
DS 2005 Super Princess Peach
14%
DS 2006 Yoshi's Island DS
14%
3DS 2014 Yoshi's New Island
12%
Wii U 2014 Captain Toad Treasure Tracker
10%
DS 2005 Mario and Luigi Parterns in Time
8%
Wii U 2015 Yoshi's Woolly World
8%
Game Boy Adavance 2003 Mario and Luigi Super Saga
1%
No matching quizzes found
Score Distribution
Percent of People with Each Score
Percentile by Number Answered
Your Score History
You have not taken this quiz since the last reset